[Event "38th POL-ch"]
[Site "Warszawa POL"]
[Date "1981.??.??"]
[Round "13"]
[White "Kuligowski, Adam"]
[Black "Ksieski, Zbigniew"]
[Result "1-0"]
[WhiteElo "2450"]
[BlackElo "2345"]
[EventDate "1981.??.??"]
[PlyCount "73"]

1.d4 Nf6 2.Nf3 b6 3.c4 e6 4.a3 c5 5.d5 Ba6 6.Qc2 Qe7 7.Bg5 exd5 8.Bxf6 
Qxf6 9.cxd5 Qg6 10.e4 Bxf1 11.Kxf1 Be7 12.Nbd2 O-O 13.Nc4 d6 14.Ne3 Qf6 
15.Nd2 Nd7 16.g3 Rfe8 17.Kg2 g6 18.Nec4 b5 19.Na5 c4 20.Nf3 Nc5 21.Rae1 
Bd8 22.Nc6 Bb6 23.Re2 a6 24.Rd1 Nb3 25.Rde1 Rac8 26.e5 dxe5 27.Nfxe5 Qd6 
28.Qd1 Kf8 29.Re4 f5 30.R4e2 Bc5 31.h4 Qc7 32.h5 Kg7 33.hxg6 hxg6 34.Nf3 
Qd7 35.Re6 Rxe6 36.Rxe6 Re8 37.Nfe5 1-0

[Event "38th POL-ch"]
[Site "Warszawa POL"]
[Date "1981.??.??"]
[Round "13"]
[White "Przewoznik, Jan"]
[Black "Stempin, Pawel"]
[Result "0-1"]
[WhiteElo "2370"]
[BlackElo "2325"]
[EventDate "1981.??.??"]
[PlyCount "58"]

1.d4 Nf6 2.c4 e6 3.Nf3 b6 4.e3 Bb7 5.Bd3 c5 6.O-O Be7 7.Nbd2 O-O 8.b3 cxd4
9.exd4 d5 10.Bb2 Ne4 11.Re1 Nxd2 12.Qxd2 dxc4 13.bxc4 Bxf3 14.gxf3 Nd7 15.
Qf4 Bg5 16.Qe4 g6 17.f4 Bf6 18.a4 Nc5 19.dxc5 Bxb2 20.Ra2 Qf6 21.c6 Rac8 
22.c5 bxc5 23.Rb1 Bd4 24.Rb7 e5 25.fxe5 Bxe5 26.Rxa7 Rfe8 27.Qg2 Rxc6 28.
Bc4 Rd6 29.Qg4 Rd4 0-1

[Event "38th POL-ch"]
[Site "Warszawa POL"]
[Date "1981.??.??"]
[Round "13"]
[White "Rakowiecki, Tomasz"]
[Black "Schmidt, Wlodzimierz"]
[Result "0-1"]
[WhiteElo "2270"]
[BlackElo "2495"]
[EventDate "1981.??.??"]
[PlyCount "58"]

1.d4 Nf6 2.c4 g6 3.Nc3 Bg7 4.e4 d6 5.f4 O-O 6.Nf3 c5 7.d5 e6 8.dxe6 fxe6 
9.Bd3 Nc6 10.O-O Ne8 11.Qe1 Nc7 12.Be3 Qe7 13.Rd1 Bd7 14.Bb1 Rad8 15.Nb5 
Nxb5 16.cxb5 Nd4 17.Nxd4 cxd4 18.Bxd4 Bxd4+ 19.Rxd4 Bxb5 20.Rf2 e5 21.Rb4 
Bc6 22.f5 gxf5 23.exf5 d5 24.f6 Rxf6 25.Rg4+ Kh8 26.Bxh7 Qc5 27.Rh4 Kg7 
28.Qd2 Qxf2+ 29.Qxf2 Rxf2 0-1

[Event "38th POL-ch"]
[Site "Warszawa POL"]
[Date "1981.??.??"]
[Round "13"]
[White "Sznapik, Aleksander"]
[Black "Pokojowczyk, Jerzy"]
[Result "1/2-1/2"]
[WhiteElo "2450"]
[BlackElo "2390"]
[EventDate "1981.??.??"]
[PlyCount "29"]

1.Nf3 Nf6 2.c4 e6 3.g3 d5 4.Bg2 dxc4 5.Qa4+ Nbd7 6.Qxc4 c5 7.O-O b6 8.d4 
Bb7 9.dxc5 Bxc5 10.Nc3 a6 11.Bf4 b5 12.Qb3 O-O 13.Ne5 Bxg2 14.Kxg2 Ra7 15.
Rad1 1/2-1/2

[Event "38th POL-ch"]
[Site "Warszawa POL"]
[Date "1981.??.??"]
[Round "14"]
[White "Bielczyk, Jacek"]
[Black "Adamski, Jan"]
[Result "1/2-1/2"]
[WhiteElo "2410"]
[BlackElo "2430"]
[EventDate "1981.??.??"]
[PlyCount "27"]

1.e4 c5 2.Nf3 e6 3.d4 cxd4 4.Nxd4 a6 5.Nc3 d6 6.g3 Nf6 7.Bg2 Be7 8.O-O Qc7
9.Re1 O-O 10.h3 Nc6 11.Be3 Rb8 12.a4 Nd7 13.Nce2 Nxd4 14.Nxd4 1/2-1/2

[Event "38th POL-ch"]
[Site "Warszawa POL"]
[Date "1981.??.??"]
[Round "14"]
[White "Ksieski, Zbigniew"]
[Black "Kruszynski, Wlodzimierz"]
[Result "0-1"]
[WhiteElo "2345"]
[BlackElo "2325"]
[EventDate "1981.??.??"]
[PlyCount "130"]

1.c4 Nf6 2.g3 e5 3.Bg2 c6 4.Nc3 d5 5.cxd5 cxd5 6.Qb3 Nc6 7.Nxd5 Nd4 8.
Nxf6+ Qxf6 9.Qd3 Bf5 10.Be4 Bxe4 11.Qxe4 Rc8 12.Qxb7 Qf5 13.Rb1 Bc5 14.e4 
Qg4 15.f3 Qe6 16.b4 Bxb4 17.Bb2 Nc2+ 18.Kf2 O-O 19.Ne2 Bxd2 20.Qd5 Qb6+ 
21.Bd4 Be3+ 22.Kg2 Bxd4 23.Rxb6 Ne3+ 24.Kh3 Nxd5 25.Rd6 Nb6 26.Nxd4 exd4 
27.Rxd4 Rfd8 28.Rhd1 Rxd4 29.Rxd4 Kf8 30.Rd2 Ke7 31.e5 Rc3 32.f4 Nc4 33.
Rd5 Ra3 34.Rc5 Ne3 35.Rc7+ Ke6 36.Rc6+ Kd7 37.Rd6+ Ke7 38.Rd2 g6 39.Kh4 h6
40.Rf2 Rc3 41.Re2 Ke6 42.Rd2 Rc2 43.Rd6+ Ke7 44.g4 Rxh2+ 45.Kg3 Rxa2 46.
Rd3 Nc4 47.Rd4 Ra3+ 48.Kh4 Ne3 49.Rd2 Ra4 50.Rd3 Ng2+ 51.Kg3 Nxf4 52.Rb3 
Nd5 53.Kh4 a5 54.Rb8 Ne3 55.Rb7+ Ke6 56.Rb6+ Kxe5 57.Rb5+ Kf6 58.Kg3 Nxg4 
59.Kh4 Ne5+ 60.Kh3 Kf5 61.Rb3 Rb4 62.Ra3 a4 63.Kh2 Nc4 64.Rf3+ Ke6 65.Rf4 
a3 0-1

[Event "38th POL-ch"]
[Site "Warszawa POL"]
[Date "1981.??.??"]
[Round "14"]
[White "Panczyk, Krzysztof"]
[Black "Hawelko, Marek"]
[Result "1-0"]
[WhiteElo "2365"]
[BlackElo "2345"]
[EventDate "1981.??.??"]
[PlyCount "65"]

1.d4 Nf6 2.c4 g6 3.Nc3 Bg7 4.e4 d6 5.Be2 O-O 6.Nf3 e5 7.O-O Nc6 8.d5 Ne7 
9.b4 Nh5 10.g3 f5 11.Ng5 Nf6 12.f3 h6 13.Ne6 Bxe6 14.dxe6 c6 15.b5 Qc7 16.
bxc6 bxc6 17.Rb1 Rfd8 18.Qa4 Qc8 19.Be3 Qxe6 20.Rb7 a5 21.Rfb1 Kh8 22.Ra7 
Rxa7 23.Bxa7 Qd7 24.Qxa5 d5 25.cxd5 cxd5 26.exd5 Ra8 27.Rb8+ Rxb8 28.Bxb8 
Nfxd5 29.Nxd5 Nxd5 30.Qc5 e4 31.Bc4 Ne3 32.Qxe3 Qc8 33.Be5 1-0

[Event "38th POL-ch"]
[Site "Warszawa POL"]
[Date "1981.??.??"]
[Round "14"]
[White "Pokojowczyk, Jerzy"]
[Black "Nowak, Ignacy"]
[Result "1/2-1/2"]
[WhiteElo "2390"]
[BlackElo "2370"]
[EventDate "1981.??.??"]
[PlyCount "29"]

1.e4 e5 2.Nf3 Nc6 3.Nc3 Nf6 4.Bb5 Bb4 5.d3 d6 6.O-O O-O 7.Ne2 Ne7 8.Ng3 
Ng6 9.c3 Ba5 10.d4 c6 11.Bd3 Re8 12.dxe5 dxe5 13.Bc4 Qxd1 14.Rxd1 h6 15.h3
1/2-1/2

[Event "38th POL-ch"]
[Site "Warszawa POL"]
[Date "1981.??.??"]
[Round "14"]
[White "Schinzel, Wladyslaw"]
[Black "Jasnikowski, Zbigniew"]
[Result "1-0"]
[WhiteElo "2375"]
[BlackElo "2380"]
[EventDate "1981.??.??"]
[PlyCount "111"]

1.c4 c5 2.Nf3 g6 3.e4 Bg7 4.d4 cxd4 5.Nxd4 Nc6 6.Be3 Nf6 7.Nc3 Ng4 8.Qxg4 
Nxd4 9.Qd1 Ne6 10.Rc1 d6 11.b4 O-O 12.Be2 b6 13.O-O Bb7 14.Nd5 Qd7 15.Qd2 
Nc7 16.Nc3 f5 17.exf5 gxf5 18.f4 Rad8 19.Bf3 Bxf3 20.Rxf3 e6 21.Bf2 Qf7 
22.Rd3 Qe7 23.a3 Rd7 24.Bd4 e5 25.Bxe5 Bxe5 26.fxe5 Qxe5 27.Re1 Qf6 28.Nd5
Nxd5 29.Rxd5 f4 30.Rf1 Qg6 31.c5 bxc5 32.bxc5 Rg7 33.Rxd6 Qg4 34.Qd5+ Kh8 
35.Qf3 Qf5 36.Rd5 Qc2 37.g3 Rgf7 38.g4 Re7 39.Qf2 Qg6 40.Qd4+ Kg8 41.h3 
Re3 42.Qc4 Kh8 43.Rxf4 Qb1+ 44.Qf1 Qxf1+ 45.Rxf1 Rxf1+ 46.Kxf1 Rxh3 47.Ke2
Kg7 48.Kd2 Rxa3 49.c6 Ra2+ 50.Kc1 Ra1+ 51.Kc2 Ra2+ 52.Kc3 Ra1 53.Rc5 Rc1+ 
54.Kd4 Rd1+ 55.Ke5 Re1+ 56.Kd6 1-0

[Event "38th POL-ch"]
[Site "Warszawa POL"]
[Date "1981.??.??"]
[Round "14"]
[White "Schmidt, Wlodzimierz"]
[Black "Kuligowski, Adam"]
[Result "1/2-1/2"]
[WhiteElo "2495"]
[BlackElo "2450"]
[EventDate "1981.??.??"]
[PlyCount "103"]

1.d4 d5 2.c4 dxc4 3.Nf3 Nf6 4.Nc3 c6 5.a4 Bf5 6.e3 e6 7.Bxc4 Bb4 8.O-O O-O
9.Nh4 Bg4 10.f3 Bh5 
    ( 10...Nd5 $6 11.fxg4 Qxh4 12.Qf3 $16 )
11.g4 Bg6 12.Nxg6 hxg6 13.Qb3 Qe7 14.g5 Nd5 15.e4 Nb6 16.Na2 Bc5 $1 17.Be3
Nxc4 18.Qxc4 Bb6 19.f4 Nd7 20.Nc3 e5 21.fxe5 Nxe5 22.Qe2 Rfd8 $1 23.Rad1 
    ( 23.dxe5 $2 Qxg5+ 24.Kf2 Qf4+ )
23...Nd7 24.Qf3 Nf8 25.Kh1 Rd7 26.d5 Bxe3 27.Qxe3 cxd5 28.Rxd5 Rad8 
    ( 28...Rxd5 29.Nxd5 Qd7 )
    ( 28...b6 $5 )
29.Rfd1 
    ( 29.Qxa7 b5 30.Qc5 Qxc5 31.Rxc5 bxa4 $44 )
29...b6 30.Qf4 $5 
    ( 30.Rxd7 $1 )
30...Rxd5 31.Nxd5 Qe8 32.b3 Ne6 33.Qe3 Nc5 
    ( 33...Rc8 $5 )
34.Rd4 Rd7 35.b4 $5 Nb7 36.Qd2 Rd8 37.Qf4 $5 
    ( 37.a5 $5 )
37...Rc8 38.Kg2 Nd8 39.Qd6 $6 Rc2+ 40.Kg1 Ne6 $2 
    ( 40...Nc6 )
41.Ne7+ Kh7 42.Rd3 Nxg5 43.b5 $1 Rd2 $3 
    ( 43...f6 44.Qe6 $1 Nf7 45.Qxf7 $1 )
44.Rxd2 Nf3+ 45.Kg2 Nxd2 46.Qe5 Qd7 
    ( 46...Qa8 47.Qd5 Qe8 )
47.Qg5 Nf3 $1 48.Kxf3 Qd1+ 49.Kf2 Qc2+ 50.Kf3 Qd1+ 51.Kf2 Qc2+ 52.Kf3 
1/2-1/2

[Event "38th POL-ch"]
[Site "Warszawa POL"]
[Date "1981.??.??"]
[Round "14"]
[White "Stempin, Pawel"]
[Black "Rakowiecki, Tomasz"]
[Result "1/2-1/2"]
[WhiteElo "2325"]
[BlackElo "2270"]
[EventDate "1981.??.??"]
[PlyCount "23"]

1.d4 g6 2.c4 Bg7 3.Nc3 d6 4.e4 c6 5.Be2 Nd7 6.Nf3 e5 7.O-O Ngf6 8.Re1 O-O 
9.Bf1 exd4 10.Nxd4 Re8 11.Bg5 Qb6 12.Nb3 1/2-1/2

[Event "38th POL-ch"]
[Site "Warszawa POL"]
[Date "1981.??.??"]
[Round "14"]
[White "Sznapik, Aleksander"]
[Black "Przewoznik, Jan"]
[Result "0-1"]
[WhiteElo "2450"]
[BlackElo "2370"]
[EventDate "1981.??.??"]
[PlyCount "132"]

1.e4 e5 2.Nf3 Nc6 3.Bb5 a6 4.Ba4 Nf6 5.O-O Be7 6.Re1 b5 7.Bb3 d6 8.c3 O-O 
9.h3 Na5 10.Bc2 c5 11.d4 Nd7 12.Nbd2 cxd4 13.cxd4 Nc6 14.Nb3 a5 15.Be3 a4 
16.Nbd2 exd4 17.Nxd4 Nxd4 18.Bxd4 Nc5 19.Nf3 Ne6 20.Bc3 Bf6 21.Qd3 Nf4 22.
Qxb5 Bxc3 23.bxc3 Ra5 24.Qb4 Rh5 25.e5 dxe5 26.Rxe5 Rxe5 27.Qxf4 Rc5 28.
Bxa4 Rxc3 29.Bb3 Qc7 30.Qh4 Bb7 31.Nd4 Rc1+ 32.Rxc1 Qxc1+ 33.Kh2 Qc7+ 34.
Qg3 Qc5 35.Nf3 Re8 36.Qf4 Bd5 37.Qf5 Qd6+ 38.g3 Bxb3 39.axb3 g6 40.Qg4 Qd1
41.Kg2 Qxb3 42.h4 Qd5 43.Qf4 Ra8 44.Qc1 Rb8 45.Qf4 Rb3 46.h5 gxh5 47.Qf6 
Rd3 48.Qf4 Kg7 49.Qg5+ Qxg5 50.Nxg5 Kf6 51.Nh3 Rd4 52.Ng1 Kf5 53.Nf3 Rd3 
54.Ne1 Rd4 55.Nf3 Ra4 56.Kh3 Ra3 57.Kg2 f6 58.Nh4+ Kg4 59.f3+ Kg5 60.Kh3 
Ra2 61.Ng2 Rxg2 62.Kxg2 h4 63.g4 Kf4 64.Kh3 Kxf3 65.Kxh4 h6 66.Kh3 Ke4 0-1

[Event "38th POL-ch"]
[Site "Warszawa POL"]
[Date "1981.??.??"]
[Round "15"]
[White "Adamski, Jan"]
[Black "Schinzel, Wladyslaw"]
[Result "1/2-1/2"]
[WhiteElo "2430"]
[BlackElo "2375"]
[EventDate "1981.??.??"]
[PlyCount "29"]

1.d4 Nf6 2.c4 c5 3.Nf3 cxd4 4.Nxd4 e6 5.g3 a6 6.Bg2 Qc7 7.Nd2 Nc6 8.N2b3 
d6 9.Bg5 Be7 10.Rc1 Bd7 11.O-O h6 12.Bd2 O-O 13.e3 e5 14.Ne2 b5 15.cxb5 
1/2-1/2

[Event "38th POL-ch"]
[Site "Warszawa POL"]
[Date "1981.??.??"]
[Round "15"]
[White "Hawelko, Marek"]
[Black "Ksieski, Zbigniew"]
[Result "1/2-1/2"]
[WhiteElo "2345"]
[BlackElo "2345"]
[EventDate "1981.??.??"]
[PlyCount "36"]

1.c4 Nf6 2.Nc3 e6 3.d4 Bb4 4.e3 b6 5.Ne2 c5 6.a3 Ba5 7.Bd2 O-O 8.Rb1 Na6 
9.Ng3 Bb7 10.Bd3 Bxg2 11.Rg1 Bb7 12.b4 cxb4 13.Nce4 Nxe4 14.Nxe4 Qe7 15.
Nd6 Qxd6 16.Bxh7+ Kxh7 17.Qh5+ Kg8 18.Rxg7+ Kxg7 1/2-1/2

[Event "38th POL-ch"]
[Site "Warszawa POL"]
[Date "1981.??.??"]
[Round "15"]
[White "Jasnikowski, Zbigniew"]
[Black "Panczyk, Krzysztof"]
[Result "0-1"]
[WhiteElo "2380"]
[BlackElo "2365"]
[EventDate "1981.??.??"]
[PlyCount "73"]

1.e4 e5 2.Nf3 Nc6 3.Bb5 a6 4.Bxc6 dxc6 5.O-O f6 6.d4 exd4 7.Nxd4 c5 8.Nb3 
Qxd1 9.Rxd1 Bg4 10.f3 Be6 11.Nc3 Bd6 12.Be3 b6 13.a4 Kf7 14.Nd5 Bxd5 15.
Rxd5 Ne7 16.Rd2 Nc6 17.c4 Rhd8 18.h3 Be5 19.Rb1 Rxd2 20.Nxd2 Rd8 21.Kf2 
Rd3 22.Ke2 Nb4 23.b3 Rc3 24.Nf1 Nc2 25.f4 Nxe3 26.Nxe3 Bxf4 27.Nd5 Rc2+ 
28.Kd3 Rd2+ 29.Kc3 Rf2 30.Nxf4 Rxf4 31.a5 Rxe4 32.Ra1 Re3+ 33.Kc2 Re2+ 34.
Kc3 Rxg2 35.axb6 cxb6 36.Rxa6 Rg3+ 37.Kb2 0-1

[Event "38th POL-ch"]
[Site "Warszawa POL"]
[Date "1981.??.??"]
[Round "15"]
[White "Kruszynski, Wlodzimierz"]
[Black "Schmidt, Wlodzimierz"]
[Result "1/2-1/2"]
[WhiteElo "2325"]
[BlackElo "2495"]
[EventDate "1981.??.??"]
[PlyCount "21"]

1.e4 c5 2.Nf3 e6 3.d4 cxd4 4.Nxd4 Nc6 5.Nb5 d6 6.c4 Nf6 7.N5c3 Be7 8.Be2 
O-O 9.O-O b6 10.Bf4 Bb7 11.Re1 1/2-1/2

[Event "38th POL-ch"]
[Site "Warszawa POL"]
[Date "1981.??.??"]
[Round "15"]
[White "Kuligowski, Adam"]
[Black "Stempin, Pawel"]
[Result "1/2-1/2"]
[WhiteElo "2450"]
[BlackElo "2325"]
[EventDate "1981.??.??"]
[PlyCount "89"]

1.d4 Nf6 2.c4 e6 3.Nc3 Bb4 4.e3 b6 5.Ne2 c5 6.d5 O-O 7.a3 Ba5 8.Rb1 Na6 9.
g3 exd5 10.Bg2 d6 11.cxd5 Bf5 12.Ra1 c4 13.O-O Nc5 14.Nd4 Bd3 15.Nce2 Qd7 
16.Nf4 Bxf1 17.Bxf1 b5 18.b4 cxb3 19.Bxb5 Qc7 20.Bb2 Qc8 21.Rc1 a6 22.Bd3 
Qg4 23.Be2 Qd7 24.Nxb3 Nxb3 25.Qxb3 Rfb8 26.Qa2 Ne4 27.Rc6 Rc8 28.Qc4 Nc5 
29.Nh5 Rxc6 30.dxc6 Qe6 31.Qd4 Qe5 32.Qxe5 dxe5 33.Bxe5 Ne6 34.Bc4 Bc7 35.
Bc3 Bd6 36.a4 Bf8 37.Be5 Rc8 38.c7 Nxc7 39.Bxc7 Rxc7 40.Bxa6 Rc2 41.Nf4 
Bb4 42.Kg2 Ba5 43.h4 h5 44.Kf3 g6 45.Nd3 1/2-1/2

[Event "38th POL-ch"]
[Site "Warszawa POL"]
[Date "1981.??.??"]
[Round "15"]
[White "Nowak, Ignacy"]
[Black "Bielczyk, Jacek"]
[Result "1/2-1/2"]
[WhiteElo "2370"]
[BlackElo "2410"]
[EventDate "1981.??.??"]
[PlyCount "21"]

1.c4 e5 2.Nc3 d6 3.d4 Nd7 4.Nf3 g6 5.e4 Bg7 6.Be2 Ngf6 7.O-O O-O 8.Re1 c6 
9.Bf1 a5 10.Rb1 Re8 11.Re2 1/2-1/2

[Event "38th POL-ch"]
[Site "Warszawa POL"]
[Date "1981.??.??"]
[Round "15"]
[White "Rakowiecki, Tomasz"]
[Black "Sznapik, Aleksander"]
[Result "0-1"]
[WhiteElo "2270"]
[BlackElo "2450"]
[EventDate "1981.??.??"]
[PlyCount "60"]

1.d4 Nf6 2.c4 g6 3.Nc3 Bg7 4.e4 d6 5.Nf3 O-O 6.Be3 Nbd7 7.h3 c6 8.Bd3 e5 
9.d5 cxd5 10.cxd5 Nh5 11.O-O Nf4 12.g3 Nxh3+ 13.Kg2 Nc5 14.Rh1 Nxd3 15.
Qxd3 Qd7 16.Qb5 Nf4+ 17.Bxf4 exf4 18.Qxd7 Bxd7 19.gxf4 Rac8 20.e5 Rc4 21.
Kg3 g5 22.fxg5 dxe5 23.Rhe1 Rg4+ 24.Kh2 f6 25.Ne4 fxg5 26.Nfxg5 h6 27.Ne6 
Rf5 28.Kh3 Rg6 29.Ng3 Rxf2 30.Rg1 Rxe6 0-1